[Event "AUTO-INT-843"]
[Site "http://www.queenalice.com/game.php?id=375395"]
[Date "2008.3.22"]
[Round "1"]
[White "mfrezman"]
[Black "killtochess"]
[Result "0-1"]
[WhiteElo "1426"]
[BlackElo "1939"]

1. e4 c5 2. Bc4 e6 3. Nh3 Nc6 4. O-O d6 5. c3 Nf6 6. Re1 Be7 7. d3 O-O 8. Bg5 d5
9. Bxf6 Bxf6 10. exd5 exd5 11. Bb3 Bxh3 12. gxh3 Qd6 13. Nd2 Rad8 14. Qh5 g6 15.
Qf3 Bg7 16. Nf1 Ne5 17. Qh1 Nxd3 18. Re2 Nf4 19. Rd2 Nxh3+ 20. Kg2 Nf4+ 21. Kg1
h5 22. Ng3 h4 23. Ne2 d4 24. Nxf4 Qxf4 25. Rad1 h3 26. Qxb7 Be5 27. Qh1 Kg7 28.
Kf1 Rde8 29. Re2 dxc3 30. Re4 Qxh2 31. Qxh2 Bxh2 32. Rc4 cxb2 33. Rxc5 Bf4 34.
Kg1 Bc1 35. Bc2 Re2 36. Kh2 Rxf2+ 37. Kxh3 Rh8+ 38. Kg3 Rxc2 39. Rb5 Rc3+ 40.
Kg4 f5+ 41. Rxf5 gxf5+ 42. Kxf5 Rf8+ 43. Ke6 Re3+ 44. Kd7 b1=Q 0-1

[Event "AUTO-INT-843"]
[Site "http://www.queenalice.com/game.php?id=375406"]
[Date "2008.3.22"]
[Round "1"]
[White "mfrezman"]
[Black "douglasmy"]
[Result "1-0"]
[WhiteElo "1525"]
[BlackElo "1817"]

1. e4 e6 2. d4 d5 3. e5 c5 4. Nf3 Bd7 5. Be2 Nc6 6. Bb5 Qb6 7. a4 a6 8. Bxc6
Bxc6 9. O-O cxd4 10. Nxd4 Bc5 11. a5 Qc7 12. Nf3 Ne7 13. c3 Nf5 14. b4 Ba7 15.
Bf4 h6 16. Na3 O-O 17. Kh1 b6 18. Re1 bxa5 19. bxa5 Bxf2 20. Re2 Bc5 21. Nc2 Bb5
22. Rd2 Qe7 23. Na3 Bxa3 24. g4 Nh4 25. Nxh4 Qxh4 26. Rxa3 g5 27. Bg3 Qxg3 28.
hxg3 Rac8 29. Rd4 f5 30. gxf5 Rxf5 31. Qh5 Kg7 32. Kh2 Rxe5 33. Ra2 Rxc3 34. Rf2
Rf5 35. Re2 Bxe2 36. Qxe2 Rc6 37. Rb4 1-0

[Event "AUTO-INT-843"]
[Site "http://www.queenalice.com/game.php?id=375407"]
[Date "2008.3.22"]
[Round "1"]
[White "douglasmy"]
[Black "mfrezman"]
[Result "1-0"]
[WhiteElo "1719"]
[BlackElo "1456"]

1. d4 g6 2. e4 Bg7 3. c4 d6 4. Nc3 Nc6 5. Be3 Nf6 6. h3 O-O 7. Nf3 Bd7 8. Be2 e5
9. d5 Ne7 10. O-O Qc8 11. Kh2 Nh5 12. Ng1 f5 13. Bxh5 f4 14. Bd2 a6 15. Bf3 Kh8
16. Nce2 c6 17. Rc1 c5 18. g3 Ng8 19. b3 Nh6 20. Nxf4 exf4 21. Bxf4 Nf7 22. g4
g5 23. Bg3 Ne5 24. Bxe5 Bxe5+ 25. Kh1 Rf6 26. Bg2 Bf4 27. Rc3 Rh6 28. Qf3 Bxg4
29. Qd3 Qd7 30. Re1 Be5 31. Rc2 Qf7 32. Re3 Qf4 33. Rg3 Qf6 34. Rxg4 Rg8 35. Qf3
Qe7 36. Ne2 Rf6 37. Qe3 Rh6 38. Ng3 Bf4 39. Qc3+ Rg7 40. Nf5 Qf6 41. Nxh6 Qxh6
42. Kg1 Kg8 43. a4 b6 44. b4 Be5 45. Qb3 Rg6 46. bxc5 1-0

[Event "AUTO-INT-871"]
[Site "http://www.queenalice.com/game.php?id=389790"]
[Date "2008.4.18"]
[Round "1"]
[White "SGrillo"]
[Black "mfrezman"]
[Result "1-0"]
[WhiteElo "1691"]
[BlackElo "1486"]

1. e4 e5 2. Nf3 Nc6 3. Bb5 Bc5 4. Bxc6 bxc6 5. O-O Nf6 6. d3 O-O 7. h3 d6 8. Re1
Be6 9. b3 Qd7 10. Nh2 Bxh3 11. gxh3 Qxh3 12. Qf3 Qh4 13. Be3 Bxe3 14. Rxe3 Nh5
15. Qg4 Qxg4+ 16. Nxg4 f5 17. Nh2 f4 18. Rh3 g6 19. Ng4 Kg7 20. Nd2 c5 21. Nf3
Rae8 22. Ng5 c6 23. Kg2 h6 24. Nf3 g5 25. Rxh5 Rf6 26. Nxf6 Kxf6 27. Rxh6+ Kg7
28. Rxd6 Rc8 29. Rh1 Re8 30. Rxc6 g4 31. Nh4 Re7 32. Nf5+ Kf7 33. Nxe7 Kxe7 34.
Rh7+ Kd8 35. Rg6 Ke8 36. Rg8# 1-0

[Event "AUTO-INT-871"]
[Site "http://www.queenalice.com/game.php?id=389791"]
[Date "2008.4.18"]
[Round "1"]
[White "mfrezman"]
[Black "SGrillo"]
[Result "0-1"]
[WhiteElo "1494"]
[BlackElo "1683"]

1. e4 e5 2. Nf3 d6 3. Bc4 h6 4. Nc3 c6 5. O-O Nf6 6. d3 Be7 7. Be3 O-O 8. Nh4
Kh7 9. f4 Bg4 10. Qe1 exf4 11. Rxf4 Bh5 12. Nf5 Bg6 13. Nxg7 Kxg7 14. Qf2 Nbd7
15. Rh4 Nh5 16. Bd4+ Bf6 17. Bxf6+ Qxf6 18. Qe1 Rae8 19. Nd1 Ne5 20. Bb3 Qg5 21.
Ne3 Nf4 22. g3 Nf3+ 23. Kh1 Nxe1 24. Rxe1 Rg8 25. Rxf4 Ref8 26. c4 Qc5 27. Rg4
Kh7 28. Ng2 Bh5 29. Rh4 Bf3 30. Rf1 Qe3 31. h3 Rxg3 32. Rxf3 Qxf3 33. Kh2 Qxg2#
0-1

[Event "AUTO-INT-871"]
[Site "http://www.queenalice.com/game.php?id=389804"]
[Date "2008.4.18"]
[Round "1"]
[White "prof_zeco"]
[Black "mfrezman"]
[Result "1-0"]
[WhiteElo "1537"]
[BlackElo "1497"]

1. d4 g6 2. e4 Bg7 3. Nf3 d6 4. Be2 Bg4 5. O-O Nd7 6. b3 Bxf3 7. Bxf3 e5 8. Bb2
Ne7 9. Na3 O-O 10. c4 Nc6 11. Nc2 f5 12. Qd3 Ne7 13. exf5 Nxf5 14. Bxb7 Rb8 15.
Bd5+ Kh8 16. Rae1 Nf6 17. dxe5 Ng4 18. h3 Nxe5 19. Qc3 Nf3+ 20. Qxf3 Bxb2 21. a3
Nd4 22. Nxd4 Rxf3 23. Nxf3 Bxa3 24. h4 h6 25. Re6 Qd7 26. Rxg6 Qf5 27. Rxh6+ Kg7
28. Re6 c6 29. Nd4 Qg4 30. Nxc6 Rxb3 31. Re4 Qf5 32. Nd4 Qd7 33. Nxb3 Bb2 34.
Rfe1 Bf6 35. f3 Qa4 36. Nd4 Be5 37. Rg4+ Kf6 38. f4 Bxd4+ 39. Kh1 Kf5 40. Rg5+
Kxf4 41. Re4# 1-0

[Event "AUTO-INT-871"]
[Site "http://www.queenalice.com/game.php?id=389805"]
[Date "2008.4.18"]
[Round "1"]
[White "mfrezman"]
[Black "prof_zeco"]
[Result "0-1"]
[WhiteElo "1494"]
[BlackElo "1498"]

1. e4 e5 2. Nf3 d6 3. Bc4 Be7 4. Nc3 Bg4 5. Nxe5 Bxd1 6. Bxf7+ Kf8 7. Bd5 dxe5
8. Kxd1 Nc6 9. d3 Nf6 10. Be6 Nd4 11. Bc4 Ng4 12. Be3 Bg5 13. Kc1 Bxe3+ 14. fxe3
Nxe3 15. Nd5 Nexc2 16. Rb1 Qg5+ 17. Kd1 Qxg2 18. Re1 Nxe1 19. Nxc7 Qe2+ 20. Kc1
Qc2# 0-1

[Event "AUTO-INT-902"]
[Site "http://www.queenalice.com/game.php?id=403286"]
[Date "2008.5.15"]
[Round "1"]
[White "gasparzinho"]
[Black "mfrezman"]
[Result "1-0"]
[WhiteElo "1485"]
[BlackElo "1534"]

1. e4 e5 2. a3 Bc5 3. b4 Bb6 4. Bb2 Qf6 5. Nf3 d6 6. Bc4 Ne7 7. h3 O-O 8. g4 Qf4
9. d3 Nbc6 10. Bc1 Qf6 11. Bg5 Qg6 12. Qd2 Kh8 13. h4 f6 14. h5 Qf7 15. Bxf7
Rxf7 16. Bh4 Bxg4 17. Nh2 Bxh5 18. Rg1 Ng6 19. Bxf6 Rxf6 20. c3 Raf8 21. Rf1 Nf4
22. f3 Nh3 23. Qg2 Nf4 24. Qg3 Nxd3+ 25. Ke2 Nf4+ 26. Kd1 Rg6 27. Ng4 Be3 28.
Ra2 Bxg4 29. fxg4 Bb6 30. Raf2 Bxf2 31. Rxf2 Ne7 32. Rh2 d5 33. Qf3 dxe4 34.
Qxe4 c6 35. c4 h6 36. Qxe5 Rf7 37. g5 Rxg5 38. Rxh6+ Kg8 39. Qxg5 Nd3 40. Kc2
Nf2 41. Rh4 g6 42. Qh6 1-0

[Event "AUTO-INT-902"]
[Site "http://www.queenalice.com/game.php?id=403287"]
[Date "2008.5.15"]
[Round "1"]
[White "mfrezman"]
[Black "gasparzinho"]
[Result "0-1"]
[WhiteElo "1553"]
[BlackElo "1466"]

1. e4 e5 2. Nf3 Qf6 3. Bb5 c6 4. Ba4 b5 5. Bb3 g5 6. d3 h6 7. O-O a5 8. a4 b4 9.
Bc4 Ba6 10. Bb3 Bc5 11. Be3 d6 12. Nbd2 Nd7 13. Re1 g4 14. Nxe5 Qxe5 15. Nc4
Bxc4 16. Bxc4 Ngf6 17. d4 Qh5 18. g3 Bb6 19. c3 Nxe4 20. Qd3 Ndf6 21. Bf4 O-O
22. Rxe4 Nxe4 23. Qxe4 d5 24. Bxd5 cxd5 25. Qe7 Ra7 26. Qf6 Bd8 27. Qd6 Be7 28.
Qb6 Raa8 29. Be5 f6 30. Bf4 bxc3 31. Qe6+ Rf7 32. bxc3 Re8 33. Qc6 Kf8 34. Re1
Qg6 35. Qb5 f5 36. Qxd5 Rc8 37. c4 Bb4 38. Re6 Qh7 39. c5 Kg8 40. Re7 Kf8 41.
Bd6 Kg8 0-1

[Event "AUTO-INT-902"]
[Site "http://www.queenalice.com/game.php?id=403302"]
[Date "2008.5.15"]
[Round "1"]
[White "mfrezman"]
[Black "danniel"]
[Result "0-1"]
[WhiteElo "1483"]
[BlackElo "1341"]

1. e4 e5 2. Nf3 d6 3. Nc3 c6 4. g3 f5 5. Bc4 d5 6. exd5 Nf6 7. dxc6 bxc6 8. Nxe5
Qe7 9. d4 Be6 10. Be2 Ne4 11. Nxe4 fxe4 12. O-O Bh3 13. Re1 Qd6 14. c3 Nd7 15.
Bf4 e3 16. fxe3 Be7 17. Nf7 Qd5 18. Nxh8 Qg2# 0-1

[Event "AUTO-INT-902"]
[Site "http://www.queenalice.com/game.php?id=403303"]
[Date "2008.5.15"]
[Round "1"]
[White "danniel"]
[Black "mfrezman"]
[Result "1-0"]
[WhiteElo "1408"]
[BlackElo "1516"]

1. e4 e5 2. d4 exd4 3. Qxd4 Nc6 4. Qe3 d6 5. Bc4 Nf6 6. Qf4 Be7 7. h3 O-O 8. Nf3
Be6 9. b3 d5 10. Bd3 Bd6 11. Qg5 h6 12. Qd2 Nxe4 13. Bxe4 dxe4 14. Nd4 Nxd4 15.
Qxd4 c5 16. Qxe4 Re8 17. Be3 Bxb3 18. Qg4 Be5 19. c3 Re6 20. axb3 Rg6 21. Qf3 b6
22. O-O Qc7 23. g3 Rf8 24. Kh1 Bxg3 25. fxg3 Rxg3 26. Bf4 Rxf3 27. Rxf3 Qc6 28.
Nd2 g5 29. Rg1 Kh7 30. Be3 f5 31. Kh2 f4 32. Rg4 Qxf3 33. Nxf3 fxe3 34. Kg3 e2
35. Re4 b5 36. Rxe2 c4 37. bxc4 bxc4 38. Re4 Rc8 39. Re7+ Kg6 40. Rxa7 Re8 41.
Ra3 Re3 42. Kf2 Rd3 43. Ne5+ Kf5 44. Nxd3 1-0

[Event "AUTO-INT-902"]
[Site "http://www.queenalice.com/game.php?id=403304"]
[Date "2008.5.15"]
[Round "1"]
[White "mfrezman"]
[Black "FlorentC"]
[Result "1-0"]
[WhiteElo "1461"]
[BlackElo "1464"]

1. e4 e5 2. Nf3 Nc6 3. Bb5 f6 4. d3 a6 5. Ba4 d6 6. c3 Bd7 7. b4 Nge7 8. O-O h6
9. Na3 Be6 10. Nc2 b5 11. Bb3 Qd7 12. Be3 d5 13. Qe2 Ng6 14. h3 Be7 15. Rad1 Rd8
16. a4 O-O 17. Nh2 Qc8 18. a5 f5 19. Qh5 1-0

[Event "AUTO-INT-902"]
[Site "http://www.queenalice.com/game.php?id=403305"]
[Date "2008.5.15"]
[Round "1"]
[White "FlorentC"]
[Black "mfrezman"]
[Result "0-1"]
[WhiteElo "1433"]
[BlackElo "1477"]

1. e4 e5 2. Nc3 Nc6 3. Nf3 Bc5 4. d3 Nge7 5. Be3 Nd4 6. Nxe5 d6 7. Nf3 Bg4 8.
Be2 Nxe2 9. Qxe2 O-O 10. h3 Be6 11. Bxc5 dxc5 12. b3 Ng6 13. Qe3 Re8 14. Qxc5
Nf4 15. g4 Nxd3+ 16. cxd3 Qxd3 17. Qe3 Qd6 18. Ke2 c6 19. Rhd1 Qc7 0-1

[Event "AUTO-INT-939"]
[Site "http://www.queenalice.com/game.php?id=421413"]
[Date "2008.6.22"]
[Round "1"]
[White "francksc"]
[Black "mfrezman"]
[Result "1-0"]
[WhiteElo "1626"]
[BlackElo "1441"]

1. e4 e5 2. Nf3 Nc6 3. c3 Bc5 4. d4 exd4 5. cxd4 d6 6. dxc5 Bg4 7. Be2 Nge7 8.
Ng5 Bxe2 9. Qxe2 O-O 10. O-O Ne5 11. Bf4 N7g6 12. Bxe5 Nxe5 13. f4 1-0

[Event "AUTO-INT-939"]
[Site "http://www.queenalice.com/game.php?id=421414"]
[Date "2008.6.22"]
[Round "1"]
[White "mfrezman"]
[Black "francksc"]
[Result "0-1"]
[WhiteElo "1432"]
[BlackElo "1635"]

1. e4 e5 2. Nf3 Nc6 3. Bb5 Nd4 4. Nxd4 exd4 5. d3 c6 6. Ba4 b5 7. Bb3 Bb4+ 8.
Bd2 c5 9. O-O Qf6 10. Bf4 d6 11. Re1 Bxe1 12. Qxe1 Qxf4 0-1

[Event "AUTO-INT-939"]
[Site "http://www.queenalice.com/game.php?id=421425"]
[Date "2008.6.22"]
[Round "1"]
[White "gomonkey"]
[Black "mfrezman"]
[Result "1-0"]
[WhiteElo "1541"]
[BlackElo "1496"]

1. c3 e5 2. e4 Nc6 3. Qa4 a6 4. b4 b5 5. Bxb5 Nf6 6. d3 Bb7 7. d4 axb5 8. Qxb5
Ba6 9. Qa4 Nxe4 10. b5 Nxc3 11. Nxc3 Bb7 12. bxc6 Bxc6 13. Qc4 d5 14. Qxc6+ Ke7
15. Nxd5+ Qxd5 16. Qxd5 1-0

[Event "AUTO-INT-939"]
[Site "http://www.queenalice.com/game.php?id=421426"]
[Date "2008.6.22"]
[Round "1"]
[White "mfrezman"]
[Black "gomonkey"]
[Result "0-1"]
[WhiteElo "1482"]
[BlackElo "1555"]

1. e4 e5 2. Nf3 d6 3. Bc4 Nf6 4. O-O Nxe4 5. d3 Qf6 6. dxe4 g5 7. Bxg5 Qg6 8.
Qd2 f6 9. Bh4 Bh3 10. g3 Qg4 11. Be2 Bxf1 12. Nxe5 Qxe4 13. Nf3 Bxe2 14. Nc3
Qxf3 15. Nxe2 Be7 0-1

[Event "AUTO-INT-939"]
[Site "http://www.queenalice.com/game.php?id=421433"]
[Date "2008.6.22"]
[Round "1"]
[White "mfrezman"]
[Black "Mehiel"]
[Result "0-1"]
[WhiteElo "1451"]
[BlackElo "1722"]

1. e4 e5 2. Nf3 d6 3. Bc4 Be7 4. O-O Nf6 5. Nc3 O-O 6. d3 Nc6 7. Ne2 a6 8. Ng3
b5 9. Bb3 Bg4 10. h3 Bxf3 11. Qxf3 Nd4 12. Qe3 Nxb3 13. axb3 c5 0-1

[Event "AUTO-INT-939"]
[Site "http://www.queenalice.com/game.php?id=421434"]
[Date "2008.6.22"]
[Round "1"]
[White "Mehiel"]
[Black "mfrezman"]
[Result "1-0"]
[WhiteElo "1727"]
[BlackElo "1446"]

1. d4 g6 2. e3 Bg7 3. Nf3 d6 4. Bd3 Bg4 5. O-O Nc6 6. Nbd2 Nf6 7. h3 Bxf3 8.
Qxf3 O-O 9. a3 e5 10. d5 Ne7 11. c4 Re8 12. Ne4 Nf5 13. Nxf6+ Bxf6 14. Bxf5 1-0